[Event "Oberliga Baden 1112"]
[Site "Germany"]
[Date "2012.02.05"]
[Round "6.8"]
[White "Grothe, Thomas"]
[Black "Wuest, Hans Heiner"]
[Result "1-0"]
[WhiteElo "2138"]
[BlackElo "2133"]
[PlyCount "103"]
[EventDate "2011.10.02"]
[EventType "team-tourn"]
[EventRounds "9"]
[EventCountry "GER"]
[SourceTitle "EXT 2013"]
[Source "ChessBase"]
[SourceDate "2012.11.22"]
[SourceVersion "1"]
[SourceVersionDate "2012.11.22"]
[SourceQuality "1"]
[WhiteTeam "Ettlingen"]
[BlackTeam "Kirchheim"]
[WhiteTeamCountry "GER"]
[BlackTeamCountry "GER"]

1. e4 c5 2. Nf3 d6 3. d4 cxd4 4. Nxd4 Nf6 5. Nc3 a6 6. Bg5 e6 7. f4 Be7 8. Qf3 Qc7 9. 0-0-0 Nc6 10. Be2 Bd7 11. Bh4 Rc8 12. Bf2 b5 13. Bxb5 axb5 14. Ndxb5 Qb8 15. g4 0-0 16. g5 Ne8 17. a4 Nb4 18. Rd4 d5 19. exd5 Bc5 20. Re4 exd5 21. Bxc5 dxe4 22. Qe3 Rxc5 23. Qxc5 Qxf4+ 24. Kb1 Na6 25. Qe7 Bg4 26. Nxe4 Bf3 27. Re1 Bxe4 28. Rxe4 Qf1+ 29. Ka2 Qf3 30. b3 Nec7 31. Rc4 Nd5 32. Qd6 Nab4+ 33. Rxb4 Nxb4+ 34. Qxb4 Qf5 35. Qd2 Qf1 36. Kb2 f5 37. Qd5+ Kh8 38. Nd6 g6 39. Qe5+ Kg8 40. Qe6+ Kg7 41. Qe7+ Kg8 42. Ne8 Rxe8 43. Qxe8+ Kg7 44. Qd7+ Kg8 45. Qc8+ Kg7 46. Qc7+ Kf8 47. Qc5+ Kg7 48. Qd4+ Kf8 49. Qh8+ Ke7 50. Qxh7+ Ke6 51. Qxg6+ Ke5 52. Qf6+ 1-0

[Event "FRA-chT3 Gr14 0607"]
[Site "France"]
[Date "2007.01.21"]
[Round "5.1"]
[White "Grothe, Thomas"]
[Black "Fuhrmann, Guy"]
[Result "1/2-1/2"]
[WhiteElo "2143"]
[BlackElo "2120"]
[PlyCount "50"]
[EventDate "2006.10.15"]
[EventType "team"]
[EventRounds "9"]
[EventCountry "FRA"]
[SourceTitle "EXT 2008"]
[Source "ChessBase"]
[SourceDate "2007.11.25"]
[SourceVersion "1"]
[SourceVersionDate "2007.11.25"]
[SourceQuality "1"]

1. e4 e6 2. d4 d5 3. Nc3 dxe4 4. Nxe4 Nd7 5. Nf3 Ngf6 6. Nxf6+ Nxf6 7. Bg5 Be7 8. Bd3 Nd5 9. Bd2 0-0 10. c4 Nf6 11. Bc3 b6 12. Qe2 Bb7 13. 0-0-0 a5 14. a3 b5 15. cxb5 c6 16. b6 Qxb6 17. Ne5 c5 18. dxc5 Qxc5 19. Kb1 Rfd8 20. Rhe1 Bd5 21. Ng4 Nxg4 22. Qxg4 Bf8 23. Bf6 Rdb8 24. Re3 g6 25. Bc2 Bg7 1/2-1/2

[Event "Oberliga Sued W 0405"]
[Site "Germany"]
[Date "2005.01.30"]
[Round "6.3"]
[White "Galyas, Miklos"]
[Black "Grothe, Thomas"]
[Result "1-0"]
[WhiteElo "2440"]
[BlackElo "2143"]
[PlyCount "59"]
[EventDate "2004.10.03"]
[EventType "team-tourn"]
[EventRounds "9"]
[EventCountry "GER"]
[SourceTitle "EXT 2009"]
[Source "ChessBase"]
[SourceDate "2008.11.26"]
[SourceVersion "1"]
[SourceVersionDate "2008.11.26"]
[SourceQuality "1"]
[WhiteTeam "Trier"]
[BlackTeam "Bad Bergzabern"]
[WhiteTeamCountry "GER"]
[BlackTeamCountry "GER"]

1. c4 e5 2. g3 Nf6 3. Bg2 c6 4. d4 exd4 5. Qxd4 d5 6. cxd5 cxd5 7. Nf3 Nc6 8. Qa4 Bb4+ 9. Bd2 Be7 10. 0-0 Qb6 11. Nc3 0-0 12. Qb5 Qxb5 13. Nxb5 Bd7 14. Rfd1 Rac8 15. Bf4 Nb4 16. Nc3 Be6 17. Nd4 Rfd8 18. Rac1 Rc4 19. Bf1 Nc6 20. Nxe6 fxe6 21. e4 Rb4 22. exd5 exd5 23. b3 d4 24. Nb5 Nd5 25. Bd2 a6 26. Bxb4 Bxb4 27. Nxd4 Ne5 28. Ne6 Rd6 29. Ng5 g6 30. f4 1-0

[Event "Oberliga Sued W 0405"]
[Site "Germany"]
[Date "2004.10.24"]
[Round "1.6"]
[White "Grothe, Thomas"]
[Black "Berresheim, Helmut"]
[Result "1-0"]
[WhiteElo "2143"]
[BlackElo "2110"]
[PlyCount "111"]
[EventDate "2004.10.03"]
[EventType "team-tourn"]
[EventRounds "9"]
[EventCountry "GER"]
[SourceTitle "EXT 2009"]
[Source "ChessBase"]
[SourceDate "2008.11.26"]
[SourceVersion "1"]
[SourceVersionDate "2008.11.26"]
[SourceQuality "1"]
[WhiteTeam "Bad Bergzabern"]
[BlackTeam "Koblenz 25"]
[WhiteTeamCountry "GER"]
[BlackTeamCountry "GER"]

1. d4 d5 2. c4 c6 3. Nf3 Nf6 4. e3 e6 5. Nbd2 Nbd7 6. Bd3 Bd6 7. 0-0 0-0 8. e4 dxe4 9. Nxe4 Nxe4 10. Bxe4 Nf6 11. Bc2 b6 12. Re1 c5 13. Bg5 Bb7 14. Ne5 Be7 15. dxc5 bxc5 16. Qe2 Qc7 17. Qe3 Nh5 18. Rad1 Rad8 19. Rxd8 Qxd8 20. Bxe7 Qxe7 21. Rd1 Nf6 22. f3 g6 23. Qd3 Qc7 24. Qd6 Rc8 25. Qxc7 Rxc7 26. Rd8+ Kg7 27. Ba4 Ba6 28. b3 Bb7 29. Kf2 h5 30. h4 Ba6 31. Ke3 Bb7 32. Bb5 Bc8 33. a4 a6 34. Bc6 Bb7 35. Bd7 Ng8 36. Be8 Nf6 37. Bxf7 Rxf7 38. Nxf7 Kxf7 39. Rb8 Bc6 40. Rb6 Be8 41. Rxa6 Ke7 42. a5 Nd7 43. Rc6 Ne5 44. Rxc5 Nc6 45. a6 Kd6 46. Rb5 Bd7 47. Rb8 Kc7 48. Rg8 Kb6 49. Rxg6 Kxa6 50. Rh6 Na5 51. Rxh5 Nxb3 52. Re5 Na5 53. Re4 e5 54. Rxe5 Nxc4+ 55. Kf4 Nxe5 56. Kxe5 1-0

[Event "GER CupT"]
[Site "Bad Bergzabern"]
[Date "2004.01.24"]
[Round "2.3"]
[White "Grothe, Thomas"]
[Black "Reuss, Andreas"]
[Result "0-1"]
[WhiteElo "2134"]
[BlackElo "2354"]
[PlyCount "76"]
[EventDate "2004.01.??"]
[EventType "team"]
[EventRounds "1"]
[EventCountry "GER"]
[SourceTitle "EXT 2005"]
[Source "ChessBase"]
[SourceDate "2004.11.15"]
[SourceVersion "1"]
[SourceVersionDate "2004.11.15"]
[SourceQuality "1"]
[BlackTeam "Stuttgart"]
[BlackTeamCountry "GER"]

1. d4 d5 2. c4 e6 3. Nc3 Nf6 4. cxd5 exd5 5. Bg5 Be7 6. e3 c6 7. Qc2 Bg4 8. Bd3 Bh5 9. Nf3 Nbd7 10. 0-0-0 Bg6 11. Bxg6 hxg6 12. h3 0-0 13. Nd2 b5 14. f3 b4 15. Ne2 a5 16. Kb1 a4 17. Qxc6 Qa5 18. Rc1 b3 19. Rhd1 Bb4 20. e4 dxe4 21. d5 exf3 22. gxf3 bxa2+ 23. Kxa2 Ne5 24. Qc7 Bxd2 25. Rxd2 Nxf3 26. Qxa5 Rxa5 27. Bxf6 Nxd2 28. Be7 Nb3 29. Rd1 Re8 30. d6 Nc5 31. Rd5 f6 32. Nd4 Kf7 33. Ka3 Rb8 34. Nc6 Rb3+ 35. Ka2 Rab5 36. Rd2 a3 37. bxa3 Ne4 38. Rc2 Nc3+ 0-1